| 000 | 01180nam a2200313 4500 | ||
|---|---|---|---|
| 003 | EG-GICUC | ||
| 005 | 20260121101145.0 | ||
| 008 | 251105s2016 ua ||| fr|||| 00| 0 ara d | ||
| 017 | _a20161653 | ||
| 020 | _a9789777512015 | ||
| 040 |
_a EG-GICUC _bara _c EG-GICUC _d EG-GICUC _erda |
||
| 041 |
_aara _aeng |
||
| 082 | 0 | 4 |
_221 _a341.48 _bس ا . ق |
| 092 | 0 | 4 | _221 |
| 099 | _aLaw1 11 341.48 س ا . ق 2016 | ||
| 100 | 0 |
_aسالى سامى _eمعد. |
|
| 245 | 1 | 0 |
_aقاموس حقوق الانسان : _bعربى - انجليزى : انجليزى - عربى/ _cاعداد سالى سامى |
| 246 | _aHuman Rights Dictionary | ||
| 264 | 1 |
_aالقاهرة : _bالشبكة العربية لمعلومات حقوق الانسان ، _c2016 |
|
| 300 |
_a(206:202)صفحة ؛ _c21 سم |
||
| 336 |
_2rda content _atext |
||
| 337 |
_2rda media _aComputer |
||
| 338 |
_2rda carrier _aOnline Resource |
||
| 546 | _aالنص موازٍ باللغتين العربية والإنجليزية | ||
| 650 | 1 | _a حقوق الإنسان -- قانون دولي | |
| 856 | 4 | 0 | _uhttps://fll.law.cu.edu.eg/fulltext/bks/B11-06392.pdf |
| 905 | _aRawan khaled | ||
| 942 |
_2ddc _n0 _cBK _e21 |
||
| 999 |
_c41033 _d41033 |
||